| 000 | 01169nam a22002417a 4500 | ||
|---|---|---|---|
| 005 | 20111201102429.0 | ||
| 010 | _aB-444783-784 | ||
| 020 |
_a9780195643916 _c250.00 |
||
| 035 | _aB-444783-784 | ||
| 037 | _bOxford University Press | ||
| 037 | _bAllied Pub/Ven | ||
| 082 | _a954.12 | ||
| 100 |
_aGupta, Dipankar _938296 |
||
| 245 |
_aThe context of ethnicity: _cby Dipankar Gupta _bSikh identity in a comparative perspective / |
||
| 260 |
_aNew Delhi _bOxford University Press _c2011 |
||
| 270 |
_aYMCA Library Building, Jai Singh Road, _bNew Delhi _e110001 |
||
| 300 |
_axii, 241p. _c24cm(pbk) |
||
| 500 | _aIncludes glossary, references and index | ||
| 942 |
_2ddc _cEN _mGUP _h954.12 |
||
| 999 |
_c58861 _d58861 |
||